000 00763nam a2200289Ia 4500
005 20260324140136.0
008 008 260324s9999 xx 000 0 eng d
020 _a9780429432361
037 _aEBOOK
040 _aCRL
040 _beng
040 _cCRL
041 _2eng
041 _aeng
084 _qCRL
100 _aDavid Grossman; Leo M. van den Berg; Hyacinth I. Ajaegbu
_91203290
245 0 _aUrban and Peri-urban Agriculture in Africa
245 0 _bProceedings of a Workshop, Netanya, Israel, 23-27 June 1996
260 _bTaylor and Francis
260 _c1999
365 _a
365 _b135
856 _uhttp://www.taylorfrancis.com/books/9780429432361
942 _cEBOOK
999 _c1805023
_d1805023